Ils ont été anoblis par Elisabeth II (2) - Statistiques

Statistiques générales
  • Ce quiz a été pris 11 fois
  • Le résultat moyen est 9 sur 48
Statistiques - réponses
Hint Réponse % Correct
Auteur-Compositeur-Interprète 1947 J Elton {John}
100%
Auteur-Compositeur-Interprète 1943 J Mick {Jagger}
90%
Auteur-Compositeur-Interprète 1942 MC Paul {McCartney}
90%
Auteur-Compositeur-Interprète 1940 S Ringo {Starr}
90%
Acteur/Actrice 1932-2011 T Elizabeth {Taylor}
80%
Astronome 1923-2012 M Patrick {Moore}
70%
Acteur/Actrice 1927-2017 M Roger {Moore}
70%
Acteur/Actrice 1930-2020 C Sean {Connery}
70%
Chanteur(se) lyrique 1926-2010 S Joan {Sutherland}
50%
Acteur/Actrice 1927-2022 P Sidney {Poitier}
50%
Chanteur(se) 1940 R Cliff {Richard}
40%
Acteur/Actrice 1938-2020 R Diana {Rigg}
40%
Acteur/Actrice 1925-2022 L Angela {Lansbury}
20%
Architecte 1935 F Norman {Foster}
20%
Acteur/Actrice 1923-2014 A Richard {Attenborough}
20%
Compositeur 1948 L W Andrew {Lloyd Webber}
10%
Auteur-Compositeur-Interprète 1946 G Barry {Gibb}
10%
Avocat 1899-1999 D Alfred {Denning}
0%
Compositeur 1914-1991 P Andrzej {Panufnik}
0%
Artiste plasticien 1950 G Antony {Gormley}
0%
Acteur/Actrice 1932-2016 W Arnold {Wesker}
0%
Acteur/Actrice 1937-2020 W Barbara {Windsor}
0%
Chef d'orchestre 1929-2021 H Bernard {Haitink}
0%
Acteur/Actrice 1928-2017 F Bruce {Forsyth}
0%
Chef d'orchestre 1925-2010 M Charles {Mackerras}
0%
Architecte 1883-1978 W E Clough {Williams-Ellis}
0%
Acteur/Actrice 1923-2014 S Donald {Sinden}
0%
Artiste plasticien 1924-2005 P Eduardo {Paolozzi}
0%
Chanteur(se) lyrique 1915-2006 S Elisabeth {Schwarzkopf}
0%
Artiste plasticien 1931-2021 B Elizabeth {Blackadder}
0%
Chef d'orchestre 1912-1997 S Georg {Solti}
0%
Chanteur(se) lyrique 1922-1992 E Geraint {Evans}
0%
Chanteur(se) 1898-1979 F Gracie {Fields}
0%
Artiste plasticien 1932-2017 H Howard {Hodgkin}
0%
Acteur/Actrice 1931-2020 H Ian {Holm}
0%
Chanteur(se) lyrique 1933 B Janet {Baker}
0%
Chimiste 1941 W John Ernest {Walker}
0%
Acteur/Actrice 1940-2017 H John {Hurt}
0%
Biologiste 1887-1975 H Julian {Huxley}
0%
Acteur/Actrice 1925-2018 W June {Whitfield}
0%
Chanteur(se) lyrique 1944 T K Kiri {Te Kanawa}
0%
Archéologue 1904-1978 M Max {Mallowan}
0%
Compositeur 1905-1998 T Michael {Tippett}
0%
Chef d'orchestre 1924-2016 M Neville {Marriner}
0%
Acteur/Actrice 1929-2001 H Nigel {Hawthorne}
0%
Acteur/Actrice 1931-1995 S Robert {Stephens}
0%
Chef d'orchestre 1955 R Simon {Rattle}
0%
Chanteur(se) lyrique 1944 A Thomas {Allen}
0%
Aucun quiz correspondant
Distribution des résultats
% des personnes avec chaque résultat
Percentile par nombre de réponses
Votre historique - résultats
Vous n’avez pas pris ce quiz